000 01232nam a2200325 a 4500
001 ebr10076738
003 CaPaEBR
006 m u
007 cr cn|||||||||
008 031113s2004 enk sb 001 0 eng
010 _z 2003115343
020 _z9781412931687
020 _z0761940995
020 _z0761941002 (pbk.)
040 _aCaPaEBR
_cCaPaEBR
035 _a(OCoLC)70749014
050 1 4 _aPN5114
_b.C66 2004eb
082 0 4 _a070.4
_221
100 1 _aConboy, Martin.
245 1 0 _aJournalism
_h[electronic resource] :
_ba critical history /
_cMartin Conboy.
246 3 0 _aJournalism, a critical history
260 _aLondon ;
_aThousand Oaks, Calif. :
_bSage Publications,
_c2004.
300 _aix, 246 p.
504 _aIncludes bibliographical references (p. [227]-237) and index.
533 _aElectronic reproduction.
_bPalo Alto, Calif. :
_cebrary,
_d2013.
_nAvailable via World Wide Web.
_nAccess may be limited to ebrary affiliated libraries.
650 0 _aJournalism
_zGreat Britain
_xHistory.
655 7 _aElectronic books.
_2local
710 2 _aebrary, Inc.
856 4 0 _uhttp://site.ebrary.com/lib/rucke/Doc?id=10076738
_zAn electronic book accessible through the World Wide Web; click to view
999 _c73979
_d73979